| 000 | 00639 a2200241 4500 | ||
|---|---|---|---|
| 005 | 20260428154531.0 | ||
| 008 | 260428b |||||||| |||| 00| 0 eng d | ||
| 020 |
_a9780367360078 _c£ 39.99 |
||
| 040 | _aMAIN | ||
| 082 |
_a363.25968 _bH743C(3) |
||
| 100 | _aHolt, Thomas J | ||
| 245 | _aCybercrime and digital forensics: An introduction | ||
| 250 | _a3rd | ||
| 260 |
_bRoutledge _c2022 _aLondon |
||
| 300 | _axxi, 789 | ||
| 650 | _aSocial Problems | ||
| 650 | _aCriminology | ||
| 650 | _aCriminal Offenses | ||
| 650 | _aComputer Crimes | ||
| 700 | _aBossler, Adam M | ||
| 700 | _aKathryn C Seigfried Spellar | ||
| 942 | _cBK | ||
| 999 |
_c394418 _d394418 |
||